| 000 | 00320nam a2200121Ia 4500 | ||
|---|---|---|---|
| 008 | 230907s9999||||xx |||||||||||||| ||und|| | ||
| 082 |
_a681.4 _bFIS |
||
| 100 |
_aFischer, Robert Edward, _9115476 |
||
| 245 | 0 | _aOptical system design / | |
| 260 |
_aMcGraw-Hill, _bNew York : _c2008 |
||
| 300 | _axv, 809 p. : | ||
| 942 | _cBK | ||
| 999 |
_c598502 _d598502 |
||